000 00352nam a2200133Ia 4500
008 230711s9999||||xx |||||||||||||| ||und||
041 _aENG
082 _a677
_bCH-V
100 _aChavan,RB
245 2 _aA video course on textile printing
_bL : 1-Textile printing
260 _c1995
_aNew Delhi
_bIIT ,Delhi
650 _aTextile Engineering
942 _cBK
999 _c3270
_d3270